Country by Picture of Female Leader Quiz Stats

 Plays Quiz Updated Aug 15, 2016

Challenge
Share
Tweet
Score 0/20 Timer 06:00
8 Plays Today
% Correct
India
99.1%
United Kingdom
90.9%
South Korea
90.1%
Argentina
89.4%
Germany
88.2%
Israel
82.2%
Pakistan
80.2%
Norway
72.2%
Iceland
70.2%
Australia
65.5%
% Correct
Ireland
65.1%
Brazil
63.9%
Philippines
56.8%
Taiwan
55.1%
Indonesia
49%
Finland
47.9%
Liberia
37.7%
Lithuania
36.2%
Kyrgyzstan
19.6%
Malta
10.7%

You're not logged in!

Compare scores with friends on all Sporcle quizzes.
Join for Free
OR
Log In

You Might Also Like...

Show Comments

Extras

Top Quizzes Today


Score Distribution

Your Account Isn't Verified!

In order to create a playlist on Sporcle, you need to verify the email address you used during registration. Go to your Sporcle Settings to finish the process.

Report this User

Report this user for behavior that violates our Community Guidelines.

Details: